[Event "TCh-RUS Premier 2025"]
[Site "Sochi RUS"]
[Date "2025.04.26"]
[Round "1.1"]
[White "Khubukshanov, Erdem"]
[Black "Paravyan, David"]
[Result "1/2-1/2"]
[WhiteTitle "IM"]
[BlackTitle "GM"]
[WhiteElo "2468"]
[BlackElo "2596"]
[WhiteTeam "GAU DO NSO SSh po shakhmatam (Novosibirsk"]
[BlackTeam "Russkaya Shakhmatnaya Shkola (g. Moskva)"]
[WhiteFideId "54114527"]
[BlackFideId "4194985"]
[EventDate "2025.04.26"]

1. e4 e5 2. Nf3 Nf6 3. d4 Nxe4 4. Bd3 d5 5. Nxe5 Nd7 6. O-O Nxe5 7. dxe5 Nc5 8.
Be3 Be7 9. f4 d4 10. Bf2 Nxd3 11. Qxd3 Qd7 12. Bxd4 c5 13. Be3 Qxd3 14. cxd3 Bf5
15. Rd1 O-O-O 16. Na3 Rxd3 17. Rxd3 Bxd3 18. Rc1 b6 19. b4 Kb7 20. Rc3 Bf5 21.
bxc5 Rc8 22. Nc4 bxc5 23. Nd6+ Bxd6 24. exd6 c4 25. Bd4 Rc6 26. Bxg7 Rxd6 27.
Rxc4 Rd1+ 28. Kf2 Rd2+ 29. Kf3 Rxa2 30. g4 Be6 31. Rb4+ Kc6 32. f5 Bd5+ 33. Kf4
Rxh2 34. Ra4 Ra2 35. Rxa2 Bxa2 36. Bc3 Bb3 37. Ke3 Kd5 38. g5 Bc2 39. f6 Bg6 40.
Kd2 Kc4 41. Ba5 Kb5 42. Bc7 a5 43. Kc3 a4 44. Kb2 1/2-1/2

[Event "TCh-RUS Premier 2025"]
[Site "Sochi RUS"]
[Date "2025.04.26"]
[Round "1.2"]
[White "Nesterov, Arseniy"]
[Black "Kezin, Roman"]
[Result "1-0"]
[WhiteTitle "GM"]
[BlackTitle "IM"]
[WhiteElo "2593"]
[BlackElo "2478"]
[WhiteTeam "Russkaya Shakhmatnaya Shkola (g. Moskva)"]
[BlackTeam "GAU DO NSO SSh po shakhmatam (Novosibirsk"]
[WhiteFideId "24198455"]
[BlackFideId "24124621"]
[EventDate "2025.04.26"]

1. Nf3 d5 2. g3 Nf6 3. Bg2 e6 4. d4 Be7 5. c4 O-O 6. O-O dxc4 7. Qc2 a6 8. a4
Bd7 9. Qxc4 Bc6 10. Bg5 Nbd7 11. e3 Bd5 12. Qe2 c5 13. Nc3 cxd4 14. Nxd5 Nxd5
15. Bxe7 Qxe7 16. Nxd4 N7f6 17. h4 Rfd8 18. Rfc1 Rac8 19. Rc4 Rc5 20. Nb3 Rxc4
21. Qxc4 h6 22. a5 Rd7 23. Rd1 Rc7 24. Qd4 Rc2 25. Rd2 Qc7 26. Qd3 Rxd2 27. Qxd2
b6 28. axb6 Qxb6 29. Na5 Qc5 30. Nb3 Qb6 31. Nd4 Ne7 32. Qc2 g6 33. Bf3 h5 34.
Qb3 Qc7 35. Qb7 Ned5 36. Qxc7 Nxc7 37. Nc6 Kf8 38. Be2 Nd7 39. b4 Nf6 40. f3
Nfd5 41. e4 Nc3 42. Bc4 N3b5 43. Kf2 Ke8 44. Ke3 Kd7 45. Ne5+ Ke7 46. f4 Nd6 47.
Bd3 Ndb5 48. Nc6+ Kd6 49. Nb8 Na3 50. Kd2 Nab5 51. Bc4 Ke7 52. Nxa6 Nd6 53. Nxc7
Nxc4+ 54. Kd3 Nd6 55. Na6 f6 56. e5 fxe5 57. fxe5 Nf5 58. b5 Kd8 59. Nc5 Kc7 60.
Nxe6+ Kb6 61. Nd4 1-0

[Event "TCh-RUS Premier 2025"]
[Site "Sochi RUS"]
[Date "2025.04.26"]
[Round "1.3"]
[White "Grachev, Alexey"]
[Black "Grebnev, Aleksey"]
[Result "1/2-1/2"]
[WhiteTitle "IM"]
[BlackTitle "GM"]
[WhiteElo "2410"]
[BlackElo "2556"]
[WhiteTeam "GAU DO NSO SSh po shakhmatam (Novosibirsk"]
[BlackTeam "Russkaya Shakhmatnaya Shkola (g. Moskva)"]
[WhiteFideId "44153449"]
[BlackFideId "34189030"]
[EventDate "2025.04.26"]

1. e4 c5 2. Nf3 d6 3. d4 cxd4 4. Nxd4 Nf6 5. Nc3 a6 6. Be3 e5 7. Nb3 Be6 8. f3
h5 9. Be2 Nbd7 10. f4 Rc8 11. f5 Bc4 12. Bxc4 Rxc4 13. Qd3 Qc7 14. O-O-O Be7 15.
Nd2 Rc6 16. Nd5 Qa5 17. Kb1 Nxd5 18. exd5 Rc8 19. Ne4 b5 20. g3 Nf6 21. h3 Qb4
22. Nf2 Qc4 23. Rhg1 Qxd3 24. Rxd3 Kd7 25. Rgd1 Rc4 26. b3 Rcc8 27. Bg5 Ne8 28.
h4 f6 29. Bc1 Nc7 30. Ne4 g6 31. fxg6 Rcg8 32. Rf3 Rxg6 33. c4 bxc4 34. bxc4 Rg4
35. Re1 Rb8+ 36. Kc2 Rb4 37. Nd2 Rb8 38. Ba3 Rc8 39. Kd1 Rb8 40. Ree3 Ne8 41.
Bc1 Bd8 42. Rb3 Rb6 43. Ke2 a5 44. Rbc3 Rb8 45. Nf1 a4 46. Ne3 Re4 47. Kd3 Rd4+
48. Ke2 Re4 49. Kd3 Rd4+ 1/2-1/2

[Event "TCh-RUS Premier 2025"]
[Site "Sochi RUS"]
[Date "2025.04.26"]
[Round "1.4"]
[White "Shuvalova, Polina"]
[Black "Volkov, Maksim"]
[Result "1/2-1/2"]
[WhiteTitle "IM"]
[BlackTitle "FM"]
[WhiteElo "2500"]
[BlackElo "2388"]
[WhiteTeam "Russkaya Shakhmatnaya Shkola (g. Moskva)"]
[BlackTeam "GAU DO NSO SSh po shakhmatam (Novosibirsk"]
[WhiteFideId "24171760"]
[BlackFideId "54123070"]
[EventDate "2025.04.26"]

1. e4 c5 2. Nf3 d6 3. d4 cxd4 4. Nxd4 Nf6 5. Nc3 a6 6. Bd3 e5 7. Nde2 Be7 8. O-O
O-O 9. Ng3 Be6 10. Nd5 Bxd5 11. exd5 g6 12. c4 Nbd7 13. b3 Rb8 14. a3 b5 15.
cxb5 axb5 16. Bh6 Re8 17. Be2 Bf8 18. Bg5 h6 19. Be3 h5 20. Re1 h4 21. Nf1 Ne4
22. Qc2 f5 23. Rec1 h3 24. g3 Nef6 25. Qc6 f4 26. Ba7 Ra8 27. Qb7 Re7 28. b4 Ne8
29. Qa6 Nb8 30. Qc8 Nd7 31. Qxd8 Rxd8 32. a4 bxa4 33. Rxa4 Ra8 34. Bb5 Ndf6 35.
Rca1 Nc7 36. Bc6 Rc8 37. Rd1 Ne4 38. Rd3 Nb5 39. Bxb5 Nc3 40. Rxc3 Rxc3 41. Be2
Rb7 42. gxf4 exf4 43. Bd4 Rc1 44. b5 Re1 45. Bd3 Rd1 46. Ra3 Bg7 47. Bxg7 Kxg7
48. Rb3 Kf6 49. b6 Ra1 50. Rb2 Ke5 51. f3 Kd4 52. Be2 Kc3 53. Rb5 Re7 54. Kf2
Ra2 55. Ng3 fxg3+ 56. Kxg3 Rb7 57. Bf1 Ra6 58. Rb1 Raxb6 59. Rc1+ Kd4 60. Rd1+
Kc5 61. Bd3 Rb2 62. Kxh3 Rh7+ 63. Kg4 Rg2+ 64. Kf4 Rhxh2 65. Be4 Rd2 66. Rc1+
Kd4 67. Ra1 Rhg2 68. Ra4+ Kc5 69. Ra5+ Kb6 70. Ra8 Rg1 71. Rc8 Kb5 72. Rc6 g5+
73. Ke3 Rgg2 74. Bd3+ Kb4 75. Rb6+ Kc3 76. Rc6+ Kb4 77. Ke4 1/2-1/2

[Event "TCh-RUS Premier 2025"]
[Site "Sochi RUS"]
[Date "2025.04.26"]
[Round "1.5"]
[White "Bocharov, Dmitry"]
[Black "Novozhilov, Semen"]
[Result "1-0"]
[WhiteTitle "GM"]
[BlackTitle "FM"]
[WhiteElo "2525"]
[BlackElo "2360"]
[WhiteTeam "GAU DO NSO SSh po shakhmatam (Novosibirsk"]
[BlackTeam "Russkaya Shakhmatnaya Shkola (g. Moskva)"]
[WhiteFideId "4138716"]
[BlackFideId "24289167"]
[EventDate "2025.04.26"]

1. e4 e5 2. Nf3 Nf6 3. d4 Nxe4 4. Bd3 d5 5. Nxe5 Nd7 6. Nxd7 Bxd7 7. O-O Be7 8.
Nc3 Nf6 9. Qf3 Bg4 10. Qg3 O-O 11. Bg5 Bh5 12. f4 c5 13. Rae1 cxd4 14. Rxe7 dxc3
15. Rxb7 cxb2 16. Rxb2 Re8 17. Qh4 Be2 18. Bxh7+ Kf8 19. Bf5 Ke7 20. Bxf6+ gxf6
21. Rb7+ Kd6 22. Rfb1 Qa5 23. Qxf6+ Kc5 24. c3 Ba6 25. Qd4+ Kd6 26. Rd7+ Kc6 27.
Rxf7 Re2 28. Bd7+ 1-0

[Event "TCh-RUS Premier 2025"]
[Site "Sochi RUS"]
[Date "2025.04.26"]
[Round "1.6"]
[White "Konovalov, Nikolay"]
[Black "Obgolts, Erik"]
[Result "1-0"]
[WhiteTitle "GM"]
[BlackTitle "IM"]
[WhiteElo "2498"]
[BlackElo "2377"]
[WhiteTeam "Russkaya Shakhmatnaya Shkola (g. Moskva)"]
[BlackTeam "GAU DO NSO SSh po shakhmatam (Novosibirsk"]
[WhiteFideId "4170962"]
[BlackFideId "24199044"]
[EventDate "2025.04.26"]

1. d4 Nf6 2. Nf3 d5 3. e3 c5 4. c3 e6 5. Nbd2 Nbd7 6. Bd3 Bd6 7. O-O O-O 8. Re1
e5 9. e4 cxd4 10. cxd4 Qc7 11. exd5 exd4 12. Ne4 Nxd5 13. Nxd6 Qxd6 14. Re4 Nc5
15. Rxd4 Nxd3 16. Qxd3 Rd8 17. Bg5 f6 18. Rd1 Be6 19. Rh4 fxg5 20. Nxg5 g6 21.
Rd4 Rac8 22. h4 Bf7 23. Nxf7 Kxf7 24. Rxd5 Qxd5 25. Qxd5+ Rxd5 26. Rxd5 Ke6 27.
Rb5 Rc1+ 28. Kh2 b6 29. g4 h6 30. h5 g5 31. Kg3 Rc4 32. a3 Rd4 33. f3 Rd2 34. a4
Kf6 35. Rf5+ Kg7 36. Rb5 Kf7 37. b4 Rb2 38. Rf5+ Kg7 39. Rb5 Kf7 40. a5 bxa5 41.
Rf5+ Ke6 42. bxa5 Rc2 43. Rf8 Rc6 44. Rh8 Ke5 45. Rh7 Ra6 46. Rg7 Kd5 47. Kf2
Ke5 48. Ke3 Rxa5 49. Rg6 Ra3+ 50. Kf2 Ra2+ 51. Kg3 Kd5 1-0

[Event "TCh-RUS Premier 2025"]
[Site "Sochi RUS"]
[Date "2025.04.26"]
[Round "1.1"]
[White "Galaktionov, Artem"]
[Black "Sychev, Klementy"]
[Result "1/2-1/2"]
[WhiteTitle "FM"]
[BlackTitle "GM"]
[WhiteElo "2361"]
[BlackElo "2542"]
[WhiteTeam "Temus Tim (g. Moskva)"]
[BlackTeam "Sbornaya Saratov. obl-Akademiya A.Muromtsev"]
[WhiteFideId "24175471"]
[BlackFideId "4114060"]
[EventDate "2025.04.26"]

1. d4 Nf6 2. Nf3 d5 3. c4 e6 4. Nc3 c6 5. e3 Be7 6. Qc2 O-O 7. b3 dxc4 8. Bxc4
b5 9. Bd3 Na6 10. a3 b4 11. Ne4 bxa3 12. Nxf6+ gxf6 13. Bxa3 Bxa3 14. Rxa3 Nb4
15. Qc3 Nxd3+ 16. Qxd3 a5 17. Qc3 Ba6 18. Rxa5 Bb5 19. Rxa8 Qxa8 20. Kd2 Qa2+
21. Qc2 Qa5+ 22. Qc3 Qa2+ 23. Qc2 Qa5+ 24. Qc3 1/2-1/2

[Event "TCh-RUS Premier 2025"]
[Site "Sochi RUS"]
[Date "2025.04.26"]
[Round "1.2"]
[White "Korchmar, Vasiliy"]
[Black "Pavlov, Danila"]
[Result "1/2-1/2"]
[WhiteTitle "IM"]
[BlackTitle "FM"]
[WhiteElo "2414"]
[BlackElo "2412"]
[WhiteTeam "Sbornaya Saratov. obl-Akademiya A.Muromtsev"]
[BlackTeam "Temus Tim (g. Moskva)"]
[WhiteFideId "24131750"]
[BlackFideId "34126594"]
[EventDate "2025.04.26"]

1. d4 Nf6 2. c4 e6 3. Nc3 Bb4 4. Qc2 O-O 5. e4 d5 6. e5 Ne4 7. a3 Bxc3+ 8. bxc3
c5 9. Bd3 Qa5 10. Bxe4 dxe4 11. Bd2 Qa6 12. Qxe4 Qxc4 13. Ne2 Bd7 14. O-O Bc6
15. Qe3 Nd7 16. Nf4 f6 17. exf6 Rxf6 18. f3 Re8 19. Nd3 Bb5 20. Nf2 e5 21. Ne4
Rc6 22. dxc5 1/2-1/2

[Event "TCh-RUS Premier 2025"]
[Site "Sochi RUS"]
[Date "2025.04.26"]
[Round "1.3"]
[White "Maslovskiy, Vladimir"]
[Black "Matinian, Nikita"]
[Result "0-1"]
[WhiteTitle "FM"]
[BlackTitle "GM"]
[WhiteElo "2370"]
[BlackElo "2420"]
[WhiteTeam "Temus Tim (g. Moskva)"]
[BlackTeam "Sbornaya Saratov. obl-Akademiya A.Muromtsev"]
[WhiteFideId "24273546"]
[BlackFideId "24129100"]
[EventDate "2025.04.26"]

1. e4 e5 2. Nf3 Nc6 3. Bb5 a6 4. Ba4 Nf6 5. O-O d6 6. Re1 Bd7 7. c4 g6 8. Bxc6
Bxc6 9. d4 Bg7 10. Nc3 O-O 11. Bg5 h6 12. Bh4 exd4 13. Nxd4 Re8 14. f3 Qb8 15.
Qd2 Bd7 16. Rad1 b5 17. b3 b4 18. Nce2 Kh7 19. Rc1 a5 20. c5 a4 21. c6 Bc8 22.
Rc4 axb3 23. axb3 Qa7 24. Bf2 Qa5 25. Qxb4 d5 26. Qxa5 Rxa5 27. b4 Ra2 28. Rcc1
dxe4 29. Nc3 Rb2 30. Ndb5 exf3 31. gxf3 Rxe1+ 32. Bxe1 Ne8 33. Rb1 Rc2 34. Rd1
Bh3 35. Rd8 Nd6 36. Nxd6 Bd4+ 0-1

[Event "TCh-RUS Premier 2025"]
[Site "Sochi RUS"]
[Date "2025.04.26"]
[Round "1.4"]
[White "Iljushin, Alexei"]
[Black "Gilfanov, Marat I"]
[Result "1/2-1/2"]
[WhiteTitle "GM"]
[BlackTitle "FM"]
[WhiteElo "2404"]
[BlackElo "2379"]
[WhiteTeam "Sbornaya Saratov. obl-Akademiya A.Muromtsev"]
[BlackTeam "Temus Tim (g. Moskva)"]
[WhiteFideId "4122178"]
[BlackFideId "34372164"]
[EventDate "2025.04.26"]

1. d4 Nf6 2. c4 e6 3. g3 c5 4. d5 exd5 5. cxd5 d6 6. Nc3 g6 7. Bg2 Bg7 8. Nf3
O-O 9. O-O Re8 10. Bf4 h6 11. Qc1 g5 12. Bd2 Bf5 13. h4 g4 14. Ne1 h5 15. Bg5
Qd7 16. Bxf6 Bxf6 17. Nd3 Na6 18. Nf4 Bg6 19. Nxg6 fxg6 20. Ne4 Be5 21. Qd2 Nc7
22. Rad1 a5 23. Kh1 Kg7 24. f4 gxf3 25. Rxf3 b6 26. Ng5 Rf8 27. Bh3 Qe7 28. Kg2
Rf6 29. Rdf1 Raf8 30. b3 Qe8 31. Qd3 a4 32. Qe4 axb3 33. axb3 Qa8 34. Be6 Rxf3
35. Rxf3 Rxf3 36. Qxf3 Bf6 37. Ne4 Qf8 38. g4 Be5 39. gxh5 Qxf3+ 40. Kxf3 gxh5
41. Ng5 Bf6 42. Ne4 Nxe6 43. dxe6 d5 44. Nd6 Be7 45. Nc8 Kf6 46. Nxb6 Kxe6 47.
e4 d4 48. Nd5 Bxh4 49. Nf4+ 1/2-1/2

[Event "TCh-RUS Premier 2025"]
[Site "Sochi RUS"]
[Date "2025.04.26"]
[Round "1.5"]
[White "Bukreev, Stanislav"]
[Black "Kulaev, Maxim"]
[Result "1/2-1/2"]
[WhiteTitle "FM"]
[WhiteElo "2328"]
[BlackElo "2355"]
[WhiteTeam "Temus Tim (g. Moskva)"]
[BlackTeam "Sbornaya Saratov. obl-Akademiya A.Muromtsev"]
[WhiteFideId "34252347"]
[BlackFideId "34189049"]
[EventDate "2025.04.26"]

1. d4 Nf6 2. c4 e6 3. Nc3 Bb4 4. e3 O-O 5. Bd3 d5 6. Ne2 dxc4 7. Bxc4 c5 8. a3
cxd4 9. exd4 Be7 10. O-O Nc6 11. Bf4 a6 12. Ba2 Bd6 13. Qd2 Bxf4 14. Qxf4 Ne7
15. Rac1 Bd7 16. Qe5 Ng6 17. Qg5 Bc6 18. Rfd1 Re8 19. Nf4 Ne4 20. Qxd8 Raxd8 21.
Nxg6 hxg6 22. Nxe4 Bxe4 23. f3 Bd5 24. Bxd5 Rxd5 25. Rc5 Rd6 26. Kf2 b6 27. Rc2
g5 28. Rdd2 Kh7 29. Rc7 Kg6 30. Ra7 a5 31. Rc7 Red8 32. Ke3 Kf6 33. a4 Kg6 34.
b3 Rd5 35. Rc6 b5 36. Rc5 bxa4 37. bxa4 Rb8 38. Rxd5 exd5 39. Rc2 Rb3+ 40. Kf2
Rb4 41. Rc5 Rxd4 42. Rxa5 Rd2+ 43. Kg3 f6 44. h4 gxh4+ 1/2-1/2

[Event "TCh-RUS Premier 2025"]
[Site "Sochi RUS"]
[Date "2025.04.26"]
[Round "1.6"]
[White "Gitelson, Arkady"]
[Black "Lupolov, Boris"]
[Result "1-0"]
[WhiteTitle "FM"]
[WhiteElo "2308"]
[BlackElo "2144"]
[WhiteTeam "Sbornaya Saratov. obl-Akademiya A.Muromtsev"]
[BlackTeam "Temus Tim (g. Moskva)"]
[WhiteFideId "34101257"]
[BlackFideId "44130457"]
[EventDate "2025.04.26"]

1. e4 c6 2. Nf3 d5 3. d3 Qc7 4. exd5 cxd5 5. c4 e6 6. Nc3 Nf6 7. g3 a6 8. Bg2
dxc4 9. O-O Bd6 10. dxc4 O-O 11. Bg5 Nbd7 12. Rc1 h6 13. c5 Be5 14. Be3 Bxc3 15.
Rxc3 Nd5 16. Rc1 Nxe3 17. fxe3 Nb8 18. Qd6 Qxd6 19. cxd6 Nc6 20. Nd2 Bd7 21. Nc4
Rad8 22. Rfd1 b5 23. Nb6 Ne5 24. Rc7 f6 25. Ra7 b4 26. Rxa6 Bb5 27. Ra5 Be2 28.
Rd2 Rb8 29. Rxe5 Rxb6 30. Rxe6 Bc4 31. Re4 Bxa2 32. d7 Rbb8 33. Rdd4 Rfd8 34.
Rxb4 Rxb4 35. Re8+ Kf7 36. Rxd8 Ke7 37. Ra8 1-0